| 000 | 00780cab a2200253 4500 | ||
|---|---|---|---|
| 001 | WB3328-06 | ||
| 008 | 090401t1997 xxu||||| |||| 00| 0 eng d | ||
| 035 | _a(Sirsi) u79719 | ||
| 041 | _aeng | ||
| 245 | _aLiability of occupiers | ||
| 260 | _c1997 | ||
| 350 | _a0 | ||
| 490 |
_aENDS Report _v(269) June 1997, 47(1) |
||
| 520 | _aThe Court of Appeal has clarified the limitations on the liability of occupiers for the actions of independent contractors. "Rowe v Herman and others" (WB3323-05). | ||
| 650 | _aCIVIL LIABILITY | ||
| 650 | _aCONTRACTORS | ||
| 650 | _aINDEPENDENT CONTRACTORS | ||
| 650 | _aNEGLIGENCE | ||
| 650 | _aOCCUPIERS | ||
| 650 | _aROWE V HERMAN AND OTHERS | ||
| 690 | _aBUILDING AND CONSTRUCTION-CONTROL | ||
| 942 | _n0 | ||
| 948 | _c18/07/1997 | ||
| 999 |
_c50146 _d50146 |
||